000 00709nam a2200193 i 4500
001 86480
003 ES-MaACL
005 20230906175445.0
007 t|
008 041213s1965 sp ||||1| spa d
100 1 _aKatona, George.
_967623
245 1 0 _aAnálisis psicológico del comportamiento económico /
_cGeorge Katona ; [versión española por Pablo Sela Hoffmann y Fernando Serra Hamilton ; y revisada por Fernando de Liñán y Zofio].
260 _aMadrid, etc. :
_bRialp,
_c1965.
300 _a479 p. ;
_c24 cm.
700 0 _aSela Hoffman, Pablo.
_9105286
700 1 _aSerra Hamilton, Fernando.
_9105635
700 1 _aLiñán y Zofio, Fernando de.
_972481
852 _aES-MaACL
_jF-2015
_bR.56964
999 _c86480
_d86480